000 00520nam a2200181Ia 4500
008 090123s9999 xx 000 0 und d
082 _b28632
_a891.463/कर्णिक
100 _aकर्णिक हेमन
245 _aभेदी
250 _a1
260 _bचंद्रमौळी प्रकाशन
_c1998
300 _a176
600 _aकर्णिक हेमन
630 _aभेदी
700 _aकर्णिक हेमन
730 _aभेदी
942 _cBOOK
999 _c67167
_d67167